Разработка программы «Игра змейка» на языке Python; Прогрессивные технологии и экономика в машиностроении
| Parent link: | Прогрессивные технологии и экономика в машиностроении.— 2024.— С. 206-208 |
|---|---|
| 主要作者: | |
| 企業作者: | |
| 其他作者: | |
| 總結: | В данной статье описана разработка программы «Игра Змейка» на языке программирования Python. Выполнен анализ литературы по программированию на языке Python. Для разработки программы будут использованы модули Pygame, предназначенная для создания игр, и принципы объектно-ориентированного программирования This article describes the development of the «Snake Game» program in the Python programming language. The analysis of the literature on programming in Python is performed. To develop the program, Pygame modules designed for creating games and the principles of object-oriented programming will be used Текстовый файл |
| 語言: | 俄语 |
| 出版: |
2024
|
| 叢編: | Информационные технологии, экономика, управление |
| 主題: | |
| 在線閱讀: | http://earchive.tpu.ru/handle/11683/80299 |
| 格式: | 電子 Book Chapter |
| KOHA link: | https://koha.lib.tpu.ru/cgi-bin/koha/opac-detail.pl?biblionumber=673178 |
MARC
| LEADER | 00000naa2a2200000 4500 | ||
|---|---|---|---|
| 001 | 673178 | ||
| 005 | 20240723105508.0 | ||
| 090 | |a 673178 | ||
| 100 | |a 20240619d2024 k||y0rusy50 ca | ||
| 101 | 0 | |a rus | |
| 102 | |a RU | ||
| 135 | |a drcn ---uucaa | ||
| 200 | 1 | |a Разработка программы «Игра змейка» на языке Python |f В. С. Старицина |g науч. рук. С. В. Разумников ; Национальный исследовательский Томский политехнический университет | |
| 225 | 1 | |a Информационные технологии, экономика, управление | |
| 283 | |2 RDAcarrier | ||
| 320 | |a Список использованных источников: 3 назв. | ||
| 330 | |a В данной статье описана разработка программы «Игра Змейка» на языке программирования Python. Выполнен анализ литературы по программированию на языке Python. Для разработки программы будут использованы модули Pygame, предназначенная для создания игр, и принципы объектно-ориентированного программирования | ||
| 330 | |a This article describes the development of the «Snake Game» program in the Python programming language. The analysis of the literature on programming in Python is performed. To develop the program, Pygame modules designed for creating games and the principles of object-oriented programming will be used | ||
| 336 | |a Текстовый файл | ||
| 463 | 1 | |0 672887 |9 672887 |c Томск |d 2024 |n Изд-во ТПУ |t Прогрессивные технологии и экономика в машиностроении |o сборник трудов XV Всероссийской научно-практической конференции для студентов и учащейся молодежи, г. Юрга, 11–13 апреля 2024 г. |a Солодский, С. А. (специалист в области экологии и безопасности жизнедеятельности ; 1980-) |u conference_tpu-2024-C57.pdf |v С. 206-208 |p 1 файл (5,61 Мб, 263 с.) | |
| 610 | 1 | |a труды учёных ТПУ | |
| 610 | 1 | |a электронный ресурс | |
| 610 | 1 | |a Python | |
| 610 | 1 | |a PyGame | |
| 610 | 1 | |a алгоритмы | |
| 610 | 1 | |a игры | |
| 610 | 1 | |a класс | |
| 610 | 1 | |a программы | |
| 610 | 1 | |a функции | |
| 700 | 1 | |a Старицина |b В. С. | |
| 702 | 1 | |a Разумников |b С. В. |c специалист в области информатики и вычислительной техники |c доцент Юргинского технологического института (филиала) Томского политехнического университета, кандидат технических наук |f 1988- |g Сергей Викторович |4 727 | |
| 712 | 0 | 2 | |a Национальный исследовательский Томский политехнический университет |c (2009- ) |9 26305 |
| 801 | 0 | |a RU |b 63413507 |c 20240619 | |
| 850 | |a 63413507 | ||
| 856 | 4 | |u http://earchive.tpu.ru/handle/11683/80299 |z http://earchive.tpu.ru/handle/11683/80299 | |
| 942 | |c CF | ||